|
|
|
|
| LEADER |
00000nab a2200000 a 4500 |
| 001 |
vtls008638440 |
| 003 |
SK-MaSNL |
| 005 |
20260303072130.0 |
| 008 |
041124 2003 xo 000 0 eng |
| 035 |
|
|
|a (KIS3G)CLAS02vtls000012158
|
| 040 |
|
|
|a SNKORKD
|b slo
|c SNKORKD
|e AACR2
|
| 041 |
0 |
|
|a slo
|
| 044 |
|
|
|a xo
|c SK
|
| 100 |
1 |
|
|a Rodríguez-Navarro, Carlos
|4 aut
|9 1071832
|
| 245 |
1 |
0 |
|a Laser cleaning of stone materials: an overview of current research
|
| 520 |
3 |
|
|a Summaries. This paper presents an overview of current knowledge and recent advances in the application of pulsed laser radiation to the cleaning of works of art, particularly ornamental stone. Special emphasis is put on the critical review of publications from the last six years. The recent history of laser cleaning in art conservation is summarised and a description of laser fundamentals, laser types and practicalities for use in conservation is given. Existing explanatory models of the underlying physics of laser cleaning are briefly described, as are the advances in laser cleaning of different stone types. Common techniques, including on-line monitoring used to detect material damage after laser irradiation, are outlined and examples are given of their application. Finally, current trends and improvements in laser-cleaning efficiency and the reduction of damaging side effects are addressed. It is hoped that this overview will bring greater attention to the issues that are important for future research on the laser cleaning of stone.
|
| 700 |
1 |
|
|a Elert, Kerstin
|4 aut
|9 1071838
|
| 700 |
1 |
|
|a Sebastián, Eduardo
|4 aut
|9 1071839
|
| 700 |
1 |
|
|a Esbert, Rosa Maria
|4 aut
|9 1071840
|
| 700 |
1 |
|
|a Grossi, Carlota Maria
|4 aut
|9 1071841
|
| 700 |
1 |
|
|a Rojo, Araceli
|4 aut
|9 1071842
|
| 700 |
1 |
|
|a Alonso, Francisco Javier
|4 aut
|9 1071843
|
| 700 |
1 |
|
|a Montoto, Modesto
|4 aut
|9 1071844
|
| 700 |
1 |
|
|a Ordaz, Jorge
|4 aut
|9 1071845
|
| 773 |
|
|
|t Reviews in conservation
|b London: IIC 2003, num. 4, s. 65-82
|x ISSN 1605-8410
|
| 856 |
4 |
|
|u http://www.viks.sk/chk/reviews_4_03_65_82.doc
|
| 910 |
|
|
|a schk
|
| 910 |
|
|
|a memoriask
|
| 999 |
|
|
|c 1762532
|d 1764462
|